<The> EU-Quarter As a Political Place: Investigating Fluid Assemblages in EU Policy Making

Skúmanie priestoru európskych inštitúcií v Bruseli ako politického miesta a tvorby politiky priestorového kontextu Európskej únie (EÚ). Okrem inštitúcií EÚ sa politické miesto skladá z politickej aglomerácie rôznych druhov aktérov, od byrokratov a politikov EÚ až po rôzne zainteresované strany a lob...

ver descrição completa

Na minha lista:
Detalhes bibliográficos
Autor principal: Kortelainen, Jarmo
Outros Autores: Koeppen, Bernhard
Formato: Capítulo de Livro
Idioma:inglês
Assuntos:
Tags: Adicionar Tag
Sem tags, seja o primeiro a adicionar uma tag!

MARC

LEADER 00000nla a2200000 4500
001 0246203
005 20240417075141.7
041 0 |a eng 
044 |a GB 
245 1 0 |a <The> EU-Quarter As a Political Place: Investigating Fluid Assemblages in EU Policy Making  |c Jarmo Kortelainen, Bernhard Koeppen 
520 |a Skúmanie priestoru európskych inštitúcií v Bruseli ako politického miesta a tvorby politiky priestorového kontextu Európskej únie (EÚ). Okrem inštitúcií EÚ sa politické miesto skladá z politickej aglomerácie rôznych druhov aktérov, od byrokratov a politikov EÚ až po rôzne zainteresované strany a lobistov z celej EÚ, ktorí sú trvalo prítomní v Bruseli. 
610 2 0 |a Európska únia 
610 2 0 |a legislatíva 
610 2 0 |a politika 
610 2 0 |a zoskupenia integračné medzinárodné 
610 2 0 |a skupiny záujmové 
610 2 0 |a lobizmus 
610 2 0 |a diverzita 
610 2 0 |a urbanizmus 
610 2 0 |a tvorba politík 
100 1 |a Kortelainen, Jarmo 
700 1 |a Koeppen, Bernhard